[Event "Koge Bugt Forar 2011"]
[Site "Solrod Skole"]
[Date "2011.05.25"]
[Round "7.5"]
[White "Krag-Jacobsen, Alan"]
[Black "Nielsen, Steen"]
[Result "0-1"]
[WhiteElo "1786"]
[BlackElo "1443"]
[PlyCount "88"]
[EventDate "2011.??.??"]
[WhiteTeam "Solrød Skakklub"]
[BlackTeam "Solrød Skakklub"]

1. e4 c6 2. d4 d5 3. exd5 cxd5 4. c4 Nf6 5. Nc3 e6 6. c5 a6 7. Nf3 b6 8. b4
bxc5 9. dxc5 Be7 10. Be3 O-O 11. Be2 Nc6 12. Rb1 Qc7 13. Qd2 Rd8 14. Na4 Ne4
15. Qc2 a5 16. b5 Nb4 17. Rxb4 axb4 18. c6 Qa5 19. O-O Qxa4 20. Qc1 Nc3 21. Bd1
Qxb5 22. Nd4 Qa5 23. Bf4 Bd6 24. Bg5 f6 25. Bd2 Qc7 26. g3 e5 27. Bxc3 bxc3 28.
Nb5 Qxc6 29. a4 Bh3 30. Re1 d4 31. f3 d3 32. Re4 Qc5+ 33. Qe3 Qxe3+ 34. Rxe3
Bc5 35. Bb3+ Kf8 36. Kf2 Bxe3+ 37. Kxe3 Ke7 38. Nxc3 Be6 39. Bd1 Rac8 40. Kd2
f5 41. a5 Ra8 42. Ba4 Rxa5 43. Bb5 Rxb5 44. Nxb5 Kf6 0-1

[Event "Koge Bugt Forar 2011"]
[Site "Solrod Skole"]
[Date "2011.05.25"]
[Round "7.6"]
[White "Ambirk, Jan Robert"]
[Black "Sørensen, Aron Frank"]
[Result "1/2-1/2"]
[WhiteElo "1826"]
[BlackElo "1435"]
[PlyCount "24"]
[EventDate "2011.??.??"]
[WhiteTeam "Vordingborg Skakklub"]
[BlackTeam "Solrød Skakklub"]

1. e4 Nf6 2. e5 Nd5 3. d4 d6 4. Nf3 Bg4 5. Bc4 c6 6. O-O dxe5 7. dxe5 e6 8. Qe2
Bxf3 9. Qxf3 Nd7 10. Re1 Qc7 11. Nc3 Nxe5 12. Qg3 Nxc4 1/2-1/2

[Event "Koge Bugt Forar 2011"]
[Site "Solrod Skole"]
[Date "2011.05.25"]
[Round "7.8"]
[White "Pondal, Jesper"]
[Black "Forsmann, Henning"]
[Result "1-0"]
[WhiteElo "1842"]
[BlackElo "1761"]
[PlyCount "89"]
[EventDate "2011.??.??"]
[WhiteTeam "Køge Skakklub"]
[BlackTeam "Solrød Skakklub"]

1. d4 g6 2. c4 Bg7 3. Nc3 c5 4. e3 Nc6 5. Nf3 d6 6. h3 Bd7 7. Be2 a6 8. O-O Nf6
9. d5 Ne5 10. Nxe5 dxe5 11. Bf3 Qc7 12. e4 O-O 13. a4 Ne8 14. Be3 Nd6 15. Qb3
f5 16. Rac1 f4 17. Bd2 Rab8 18. Qa2 Nf7 19. Bg4 h5 20. Bxd7 Qxd7 21. f3 g5 22.
Kf2 Bf6 23. Qa3 Nd6 24. Nd1 Kf7 25. Ke2 g4 26. hxg4 hxg4 27. Nf2 gxf3+ 28. gxf3
Rg8 29. Rh1 Rh8 30. b3 b6 31. Bc3 Qe8 32. Ng4 Rxh1 33. Rxh1 Qf8 34. Bxe5 Qg7
35. Bxf6 exf6 36. Nf2 f5 37. Qa1 Re8 38. Qxg7+ Kxg7 39. Kd3 Nf7 40. Rh3 Ne5+
41. Kc3 Kg6 42. exf5+ Kxf5 43. Ne4 Nf7 44. Rh7 Rf8 45. Rxf7+ 1-0

[Event "Koge Bugt Forar 2011"]
[Site "Solrod Skole"]
[Date "2011.05.25"]
[Round "7.9"]
[White "Wieland, Carsten"]
[Black "Nielsen, Michael"]
[Result "0-1"]
[WhiteElo "1543"]
[BlackElo "1175"]
[PlyCount "42"]
[EventDate "2011.??.??"]
[WhiteTeam "Solrød Skakklub"]
[BlackTeam "Sjælsø Skakklub"]

1. d4 d6 2. c4 g6 3. Nf3 Bg7 4. Nc3 Bg4 5. e3 Nf6 6. Be2 O-O 7. Qc2 Nbd7 8. h3
Bxf3 9. Bxf3 Rb8 10. O-O c5 11. d5 Ne5 12. Be2 a6 13. Rd1 e6 14. dxe6 fxe6 15.
Qd2 Ne8 16. Ne4 Nf7 17. Rb1 b5 18. cxb5 axb5 19. b3 Qh4 20. Nc3 Ng5 21. Kh2
Rxf2 0-1